[Event "Xtracon Chess Open 2016"]
[Site "Helsingor DEN"]
[Date "2016.07.23"]
[Round "1.131"]
[White "Holleland, Sigve"]
[Black "Mottang, Harald"]
[Result "1-0"]
[WhiteElo "2087"]
[BlackElo "1597"]
[WhiteFideId "1513672"]
[BlackFideId "1508423"]
[EventDate "2016.07.23"]

1. c4 c5 2. Nc3 Nc6 3. g3 Nf6 4. Bg2 g6 5. e4 Bg7 6. Nge2 O-O 7. d4 cxd4 8. Nxd4
a6 9. O-O d6 10. h3 Bd7 11. Be3 Rc8 12. Qe2 Nxd4 13. Bxd4 Qa5 14. a3 Qh5 15.
Rac1 Qxe2 16. Nxe2 b5 17. c5 Be6 18. cxd6 exd6 19. Nc3 Bc4 20. Rfd1 Rfd8 21. f4
Nh5 22. Kf2 Bxd4+ 23. Rxd4 Ng7 24. Rcd1 Ne8 25. e5 d5 26. Bxd5 Bxd5 27. Rxd5
Rxd5 28. Rxd5 Kf8 29. Ke3 Ng7 30. g4 Rc4 31. Rd4 Rc6 32. Rd6 Rc4 33. Rxa6 b4 34.
Ra8+ Ne8 35. Nd5 bxa3 36. bxa3 Rc6 37. Nf6 Re6 38. Rxe8+ 1-0

[Event "Xtracon Chess Open 2016"]
[Site "Helsingor DEN"]
[Date "2016.07.23"]
[Round "1.132"]
[White "Kyrkjebo, Eirik"]
[Black "Nielsen, Jorgen Lovgren"]
[Result "0-1"]
[WhiteElo "1590"]
[BlackElo "2085"]
[WhiteFideId "1511580"]
[BlackFideId "1403850"]
[EventDate "2016.07.23"]

1. e4 e5 2. Nf3 Nc6 3. Nc3 Nf6 4. Bb5 d6 5. d4 exd4 6. Nxd4 Bd7 7. Bxc6 bxc6 8.
Qf3 Ng4 9. Nxc6 Qc8 10. Nd4 Ne5 11. Qg3 g6 12. Nd5 Bg7 13. Bg5 Qb7 14. O-O h6
15. Bf6 O-O 16. f4 Qxb2 17. Rad1 Ng4 18. Bxg7 Kxg7 19. f5 Ne5 20. f6+ Kh7 21.
Nf5 Bxf5 22. Rxf5 Qxc2 23. Ne3 Qc5 24. Kh1 Rg8 25. Rg5 Qc3 26. h4 hxg5 27. Qxg5
Rh8 28. Nf5 Kg8 29. Rc1 Qa5 30. Ne7+ Kf8 31. Nd5 Rh5 32. Qf4 Nd3 0-1

[Event "Xtracon Chess Open 2016"]
[Site "Helsingor DEN"]
[Date "2016.07.23"]
[Round "1.133"]
[White "Jensen, Thore Nyboe"]
[Black "Bjarnason, Larus H"]
[Result "1-0"]
[WhiteElo "2081"]
[BlackElo "1586"]
[WhiteFideId "1405349"]
[BlackFideId "2304848"]
[EventDate "2016.07.23"]

1. e4 c6 2. Nf3 d5 3. Nc3 d4 4. Ne2 c5 5. Ng3 Nc6 6. Bc4 e5 7. d3 h6 8. O-O Bd6
9. c3 Nge7 10. Nh4 Na5 11. Bb5+ Bd7 12. Bxd7+ Qxd7 13. Nhf5 Nxf5 14. Nxf5 Bf8
15. cxd4 cxd4 16. f4 g6 17. Ng3 Bg7 18. f5 Nc6 19. Bd2 O-O-O 20. b4 f6 21. fxg6
Ne7 22. Nf5 Nxf5 23. exf5 Rde8 24. Qf3 Re7 25. a4 Kb8 26. Rfc1 Rd8 27. b5 Qd5
28. Qxd5 Rxd5 29. Rc4 Rc7 30. Rac1 Rdd7 31. Kf2 b6 32. Kf3 Rxc4 33. Rxc4 Rc7 34.
Rxc7 Kxc7 35. g4 Kd7 36. Ke4 Bf8 37. Kd5 Bg7 38. Bb4 Ke8 39. Bd6 Bf8 40. Bb8 Bc5
41. Bxa7 e4 42. Kxe4 1-0

[Event "Xtracon Chess Open 2016"]
[Site "Helsingor DEN"]
[Date "2016.07.23"]
[Round "1.134"]
[White "Langvik, Ulrikke"]
[Black "Molgaard, Steen"]
[Result "0-1"]
[WhiteElo "1583"]
[BlackElo "2078"]
[WhiteFideId "1517910"]
[BlackFideId "1448056"]
[EventDate "2016.07.23"]

1. d4 Nf6 2. c4 e6 3. Nc3 d5 4. e3 Be7 5. Nf3 O-O 6. Qc2 Nbd7 7. Bd2 c6 8. Be2
Qc7 9. O-O dxc4 10. Bxc4 e5 11. Ng5 exd4 12. exd4 Nb6 13. Bb3 g6 14. Rae1 Bf5
15. Nge4 Rad8 16. Bh6 Ng4 17. g3 Nxh6 18. f3 Qd7 19. Ne2 Be6 20. Bxe6 Qxe6 21.
Nf4 Qc4 22. Qxc4 Nxc4 23. Nc3 Bf6 24. Kh1 Nf5 25. g4 Nxd4 26. Ne4 Bg7 27. b3 Nd6
28. Nc5 Bh6 29. Nfd3 N6b5 30. a4 Nd6 0-1

[Event "Xtracon Chess Open 2016"]
[Site "Helsingor DEN"]
[Date "2016.07.23"]
[Round "1.135"]
[White "Johansen, Paul"]
[Black "Lindsjorn, Yngve"]
[Result "1-0"]
[WhiteElo "2077"]
[BlackElo "1582"]
[WhiteFideId "1503510"]
[BlackFideId "1515985"]
[EventDate "2016.07.23"]

1. c4 c5 2. Nc3 Nc6 3. g3 b6 4. Bg2 Bb7 5. e4 e5 6. Nge2 Nf6 7. O-O Be7 8. d3
O-O 9. f4 d6 10. Nd5 Nxd5 11. exd5 Nd4 12. fxe5 Nxe2+ 13. Qxe2 Qc7 14. Bf4 Rad8
15. Rae1 dxe5 16. Bxe5 Bd6 17. Bc3 Qd7 18. Qh5 Bc8 19. Be4 g6 20. Qh6 f5 21. Bg2
Qf7 22. b3 Rfe8 23. Bb2 Bf8 24. Qf4 Bd6 25. Qd2 Re7 26. Qc3 Kf8 27. Rxe7 Kxe7
28. a4 a5 29. Re1+ Kd7 30. Qf6 Qxf6 31. Bxf6 Rf8 32. Bg5 Kc7 33. Be7 Rf7 34. Bg5
Bd7 35. Bf4 Bxf4 36. gxf4 Kd6 37. Kf2 Kc7 38. Kg3 Kd6 39. h4 h5 40. Kf2 Kc7 41.
Bf3 Kd6 42. Rg1 Rg7 43. Bxh5 Be8 44. Bf3 Rh7 45. Rh1 Rh8 46. Kg3 Rh7 47. Re1 Bf7
48. Re5 Rg7 49. h5 gxh5+ 50. Kh4 Bg6 51. Re6+ Kc7 52. Rc6+ Kb7 53. d6 1-0

[Event "Xtracon Chess Open 2016"]
[Site "Helsingor DEN"]
[Date "2016.07.23"]
[Round "1.136"]
[White "Gade, Jens"]
[Black "Stray, Gunnar"]
[Result "0-1"]
[WhiteElo "1575"]
[BlackElo "2074"]
[WhiteFideId "1416111"]
[BlackFideId "1501631"]
[EventDate "2016.07.23"]

1. f4 d5 2. Nf3 Nf6 3. b3 g6 4. Bb2 Bg7 5. Nc3 O-O 6. e3 c5 7. Be2 Nc6 8. O-O a6
9. Ne5 Qc7 10. d4 cxd4 11. exd4 Bf5 12. a3 Rac8 13. Rc1 b5 14. Nxc6 Qxc6 15. Bd3
Ne4 16. Na2 Qb6 17. c3 e5 18. fxe5 Bxe5 19. Kh1 Bb8 20. Qe1 Ng3+ 21. hxg3 Bxd3
22. Rf3 Be4 23. Re3 Qe6 24. Qf2 f5 25. Rxe4 fxe4 26. Qe3 Qg4 27. Nb4 Bxg3 0-1

[Event "Xtracon Chess Open 2016"]
[Site "Helsingor DEN"]
[Date "2016.07.23"]
[Round "1.137"]
[White "Fossan, Andreas"]
[Black "Nilssen, Steinar"]
[Result "1-0"]
[WhiteElo "2071"]
[BlackElo "1575"]
[WhiteFideId "1516108"]
[BlackFideId "1525620"]
[EventDate "2016.07.23"]

1. d4 Nf6 2. c4 g6 3. Nc3 d5 4. Bg5 dxc4 5. e3 Be6 6. Nf3 c6 7. a4 Qa5 8. Bxf6
exf6 9. Nd2 Bb4 10. Qc1 Qg5 11. g3 Bxc3 12. bxc3 Qd5 13. e4 Qd8 14. Nxc4 O-O 15.
Ne3 Re8 16. Bg2 Na6 17. O-O Nc7 18. f4 Bd7 19. Qd2 f5 20. e5 Be6 21. c4 Rb8 22.
Kh1 g5 23. d5 cxd5 24. cxd5 gxf4 25. gxf4 Bc8 26. d6 Ne6 27. Nxf5 Nc5 28. Bh3
Kh8 29. Qc3 b6 30. e6+ f6 31. e7 Bb7+ 32. Bg2 Bxg2+ 33. Kxg2 Rg8+ 34. Kh1 Ne4
35. exd8=Q 1-0

[Event "Xtracon Chess Open 2016"]
[Site "Helsingor DEN"]
[Date "2016.07.23"]
[Round "1.138"]
[White "Merkesvik, Amalie Isabel"]
[Black "Brondum, Eric"]
[Result "0-1"]
[BlackTitle "FM"]
[WhiteElo "1574"]
[BlackElo "2068"]
[WhiteFideId "1514369"]
[BlackFideId "1400894"]
[EventDate "2016.07.23"]

1. e4 c5 2. Nf3 d6 3. d4 cxd4 4. Nxd4 Nf6 5. Nc3 g6 6. Be2 Bg7 7. Be3 O-O 8. O-O
Nc6 9. h3 Bd7 10. Qd2 Nxd4 11. Bxd4 Bc6 12. Qe3 b6 13. Rfd1 Qc7 14. e5 dxe5 15.
Bxe5 Qb7 16. Qg3 Rfd8 17. Rd4 Rxd4 18. Bxd4 Nh5 19. Bxh5 Bxd4 20. Bg4 e6 21. Rd1
Bg7 22. Rd3 e5 23. Rd6 Re8 24. Be2 Rc8 25. Bb5 Bxb5 26. Nxb5 Qe7 27. Rd2 Qb4 28.
Qd3 Qxb2 29. Nxa7 e4 30. Qxe4 Qc1+ 31. Kh2 Qxd2 32. Nxc8 Qxf2 33. Ne7+ Kf8 34.
Nc6 Bh6 35. Qe7+ Kg7 36. Qe5+ Kg8 37. Qe8+ Bf8 38. Ne5 Kg7 39. Qb8 Qf4+ 40. Kh1
Bc5 41. Nd7 Bd6 0-1

[Event "Xtracon Chess Open 2016"]
[Site "Helsingor DEN"]
[Date "2016.07.23"]
[Round "1.139"]
[White "Schrodt, Sebastian"]
[Black "Glaschak, Joachim"]
[Result "1-0"]
[WhiteElo "2060"]
[BlackElo "1570"]
[WhiteFideId "24675563"]
[BlackFideId "12944459"]
[EventDate "2016.07.23"]

1. Nf3 Nf6 2. c4 e6 3. g3 d5 4. Bg2 Be7 5. O-O O-O 6. b3 c6 7. Bb2 Nbd7 8. d3 a5
9. Nbd2 b6 10. Qc2 Bb7 11. Rfe1 Qc7 12. Rad1 Rac8 13. e4 dxc4 14. dxc4 e5 15.
Nf1 c5 16. Nh4 g6 17. Ne3 Qb8 18. Nd5 Nxd5 19. exd5 Bxh4 20. gxh4 Qd6 21. h5
Rce8 22. f4 f5 23. hxg6 hxg6 24. Qc3 Rf7 25. Rd3 e4 26. Qh8# 1-0

[Event "Xtracon Chess Open 2016"]
[Site "Helsingor DEN"]
[Date "2016.07.23"]
[Round "1.140"]
[White "Kristensen, Thomas Overgaard"]
[Black "Roder, Peter"]
[Result "0-1"]
[WhiteElo "1568"]
[BlackElo "2056"]
[WhiteFideId "1419803"]
[BlackFideId "1402471"]
[EventDate "2016.07.23"]

1. d4 Nf6 2. c4 e6 3. Nc3 Bb4 4. e3 O-O 5. Bd3 d5 6. Ne2 c5 7. a3 Bxc3+ 8. bxc3
b6 9. O-O Nc6 10. Qa4 Bd7 11. Qc2 Na5 12. cxd5 exd5 13. Ng3 c4 14. Be2 Qe8 15.
f3 Ba4 16. Qb1 Nb3 17. Ra2 Qe6 18. e4 Rac8 19. e5 Nd7 20. Nf5 f6 21. f4 Nxc1 22.
Bg4 fxe5 23. fxe5 Nxa2 24. Qxa2 Rce8 25. Qe2 Nxe5 0-1

[Event "Xtracon Chess Open 2016"]
[Site "Helsingor DEN"]
[Date "2016.07.23"]
[Round "1.141"]
[White "Skjoldager, Mikael"]
[Black "Maselli, David"]
[Result "1-0"]
[WhiteElo "2054"]
[BlackElo "1567"]
[WhiteFideId "1434314"]
[BlackFideId "2814159"]
[EventDate "2016.07.23"]

1. d4 g6 2. e4 Bg7 3. Nc3 d6 4. f4 Nf6 5. Nf3 O-O 6. Bd3 Bg4 7. O-O Nc6 8. Ne2
Bxf3 9. Rxf3 e5 10. fxe5 dxe5 11. d5 Nb4 12. Bg5 Qd6 13. Qd2 Nxd3 14. Qxd3 Qb6+
15. Kh1 Qxb2 16. Raf1 Nd7 17. Be7 Qxa2 18. Qc3 Qa6 19. Qxc7 f6 20. Qxd7 Qxe2 21.
Bxf8 Rxf8 22. Qe6+ Kh8 23. d6 Qxc2 24. d7 Qa4 25. Qe7 Qa5 26. Rxf6 Rg8 27. Rf7
a6 28. Rxg7 Rxg7 29. Rf8+ Rg8 30. Qf6# 1-0

[Event "Xtracon Chess Open 2016"]
[Site "Helsingor DEN"]
[Date "2016.07.23"]
[Round "1.142"]
[White "Rogacewicz, Mikolaj"]
[Black "Salerno, Christian"]
[Result "1-0"]
[WhiteElo "1551"]
[BlackElo "2052"]
[WhiteFideId "21842981"]
[BlackFideId "1310810"]
[EventDate "2016.07.23"]

1. d4 Nf6 2. c4 c5 3. d5 b5 4. cxb5 a6 5. bxa6 g6 6. Nc3 Bxa6 7. Nf3 Bg7 8. g3
d6 9. Bg2 Nbd7 10. Rb1 O-O 11. O-O Nb6 12. b3 Nfd7 13. Bb2 f5 14. Ng5 Re8 15.
Ne6 Qb8 16. Nxg7 Kxg7 17. Ne4+ Kg8 18. Ng5 Nf6 19. Qd2 Bc8 20. a3 Ra7 21. h4 Bd7
22. Bf3 Rc8 23. h5 Be8 24. hxg6 hxg6 25. Ne6 1-0

[Event "Xtracon Chess Open 2016"]
[Site "Helsingor DEN"]
[Date "2016.07.23"]
[Round "1.143"]
[White "Nielsen, Andre"]
[Black "Opseth, Oliver"]
[Result "1-0"]
[WhiteElo "2047"]
[BlackElo "1545"]
[WhiteFideId "1518240"]
[BlackFideId "1523813"]
[EventDate "2016.07.23"]

1. e4 e5 2. Nf3 Nc6 3. Bb5 a6 4. Ba4 Nf6 5. O-O b5 6. Bb3 Bc5 7. Nxe5 Nxe5 8. d4
Bb6 9. dxe5 c5 10. exf6 c4 11. fxg7 Rg8 12. Qd5 Ra7 13. Qe5+ Qe7 14. Qxe7+ Kxe7
15. Nc3 Bb7 16. Bh6 Bd4 17. Rfd1 Bxg7 18. Bxg7 Rxg7 19. Nd5+ Kf8 20. f3 Bxd5 21.
Rxd5 Rc7 22. Bxc4 Rxc4 23. c3 b4 24. Rd4 Rc6 25. Rxb4 Rcg6 26. g3 h5 27. Kf2 h4
28. g4 Rf6 29. Ke3 Rfg6 30. Rd1 1-0

[Event "Xtracon Chess Open 2016"]
[Site "Helsingor DEN"]
[Date "2016.07.23"]
[Round "1.144"]
[White "Jacobsen, Caroline Beer"]
[Black "Machlik, Monika"]
[Result "0-1"]
[WhiteElo "1544"]
[BlackElo "2045"]
[WhiteFideId "1510649"]
[BlackFideId "1513621"]
[EventDate "2016.07.23"]

1. e4 c6 2. d4 d5 3. Nc3 dxe4 4. Nxe4 Bf5 5. Ng3 Bg6 6. Nf3 Nd7 7. Bd3 Bxd3 8.
Qxd3 e6 9. O-O Ngf6 10. Bf4 Be7 11. c4 O-O 12. Qb3 Qb6 13. Qc2 c5 14. dxc5 Nxc5
15. Be3 Qc7 16. Rfd1 Rfd8 17. b4 Ncd7 18. c5 a5 19. a3 Nd5 20. Bd2 N7f6 21. Be1
axb4 22. axb4 b6 23. Rac1 Rac8 24. Rd4 bxc5 25. Rc4 Nb6 26. Rc3 Nfd5 27. Rb3 c4
28. Rbb1 c3 29. b5 Ba3 30. Rd1 Bb2 31. Rd4 Nc4 32. Qb3 c2 33. Qxc2 Bxd4 34. Nxd4
Qb6 35. Qb3 Qxd4 0-1

[Event "Xtracon Chess Open 2016"]
[Site "Helsingor DEN"]
[Date "2016.07.23"]
[Round "1.145"]
[White "Svane, Frederik"]
[Black "Yilmaz, Kazim"]
[Result "1-0"]
[WhiteElo "2044"]
[BlackElo "1542"]
[WhiteFideId "12923044"]
[BlackFideId "1514326"]
[EventDate "2016.07.23"]

1. e4 e5 2. Nf3 Nc6 3. Bb5 Nf6 4. d3 d6 5. O-O Be7 6. c3 O-O 7. Re1 Bg4 8. Nbd2
Re8 9. Nf1 a6 10. Ba4 b5 11. Bc2 d5 12. Qe2 dxe4 13. dxe4 Nh5 14. h3 Bxf3 15.
Qxf3 Nf4 16. Bxf4 exf4 17. Qxf4 Bd6 18. Qe3 f5 19. Qd3 Na5 20. exf5 Nc4 21.
Rxe8+ Qxe8 22. Bb3 Qf7 23. Ne3 Kh8 24. Nxc4 bxc4 25. Bxc4 Qe7 26. Qd5 Re8 27.
Bxa6 Qe5 28. Qxe5 Rxe5 29. Bd3 Rd5 30. Rd1 Ra5 31. Re1 Kg8 32. Bc4+ Kf8 33. g4
Re5 34. Rxe5 Bxe5 35. a4 c5 36. Kg2 Ke7 37. Kf3 Kd6 38. Ke4 Bh2 39. g5 Bg1 40.
f4 Bf2 41. Bg8 Be1 42. Ke3 h5 43. f6 gxf6 44. g6 Bh4 45. g7 f5 46. Bc4 Bf6 47.
g8=Q Bh4 48. Qe6+ Kc7 49. Bb5 Bg3 50. Qc6+ Kb8 51. Ba6 Bf2+ 52. Kxf2 h4 53. Qb7# 1-0

[Event "Xtracon Chess Open 2016"]
[Site "Helsingor DEN"]
[Date "2016.07.23"]
[Round "1.146"]
[White "Morling, Aase"]
[Black "Thaler, Toni"]
[Result "0-1"]
[WhiteElo "1539"]
[BlackElo "2037"]
[WhiteFideId "1440993"]
[BlackFideId "1303864"]
[EventDate "2016.07.23"]

1. e4 c5 2. c3 d5 3. exd5 Qxd5 4. d4 Nc6 5. Nf3 Bg4 6. Be2 cxd4 7. cxd4 e6 8.
O-O Nf6 9. Nc3 Qd6 10. Qb3 Qb4 11. Qxb4 Bxb4 12. a3 Ba5 13. Be3 O-O 14. h3 Bh5
15. g4 Bg6 16. Ne5 Nxe5 0-1

[Event "Xtracon Chess Open 2016"]
[Site "Helsingor DEN"]
[Date "2016.07.23"]
[Round "1.147"]
[White "Meurman, Arne"]
[Black "Kvaloy, Aksel Bu"]
[Result "1-0"]
[WhiteElo "2035"]
[BlackElo "1533"]
[WhiteFideId "1704923"]
[BlackFideId "1528815"]
[EventDate "2016.07.23"]

1. e4 c5 2. Nf3 e6 3. d4 cxd4 4. Nxd4 Bc5 5. Nb3 Bb6 6. c4 Ne7 7. Nc3 O-O 8. Be2
f5 9. O-O h6 10. Bf4 Bc7 11. Bd6 Bxd6 12. Qxd6 fxe4 13. Rad1 Nf5 14. Qd2 e3 15.
fxe3 Qg5 16. Rf3 Nc6 17. Ne4 Qe7 18. Rdf1 Ne5 19. R3f2 d5 20. cxd5 Rd8 21. d6
Nxd6 22. Nxd6 Rxd6 23. Rf8+ Kh7 24. Qc2+ g6 25. Rxc8 Rxc8 26. Qxc8 Rc6 27. Qb8
Nd7 28. Qxb7 Rc2 29. Bb5 1-0

[Event "Xtracon Chess Open 2016"]
[Site "Helsingor DEN"]
[Date "2016.07.23"]
[Round "1.148"]
[White "Tryggestad, Linnea Garberg"]
[Black "Stake-Larsen, Gunnar"]
[Result "0-1"]
[WhiteElo "1525"]
[BlackElo "2034"]
[WhiteFideId "1518623"]
[BlackFideId "1503227"]
[EventDate "2016.07.23"]

1. d4 d5 2. c4 e6 3. Nc3 c6 4. e3 Nf6 5. Nf3 Nbd7 6. Bd3 Bd6 7. O-O O-O 8. Re1
e5 9. e4 dxe4 10. Nxe4 Nxe4 11. Bxe4 f5 12. Bc2 e4 13. Nd2 Qh4 14. Nf1 Nf6 15.
h3 g5 16. c5 Bc7 17. Bb3+ Kg7 18. d5 cxd5 19. Ne3 Be6 20. Bd2 f4 21. Nc2 f3 22.
Ne3 g4 23. Bc3 gxh3 24. g3 Bxg3 25. fxg3 Qxg3+ 26. Kh1 f2 27. Re2 Bg4 28. Qd2
Bf3+ 29. Ng2 Qxg2# 0-1

[Event "Xtracon Chess Open 2016"]
[Site "Helsingor DEN"]
[Date "2016.07.23"]
[Round "1.149"]
[White "Weber, Samuel"]
[Black "Gaure, Sigurd Lauvas"]
[Result "1-0"]
[WhiteElo "2031"]
[BlackElo "1514"]
[WhiteFideId "12924008"]
[BlackFideId "1524933"]
[EventDate "2016.07.23"]

1. e4 c5 2. d4 cxd4 3. c3 dxc3 4. Nxc3 e6 5. Nf3 Nc6 6. Bc4 Be7 7. O-O Nf6 8. e5
Ng4 9. Qe2 Bc5 10. h3 Nxf2 11. Rxf2 Qb6 12. Ne4 Bxf2+ 13. Qxf2 Qxf2+ 14. Nxf2
O-O 15. Ne4 Nxe5 16. Nxe5 d5 17. Bd3 dxe4 18. Bxe4 f6 19. Nc4 Rd8 20. Be3 f5 21.
Bf3 Re8 22. Ne5 a5 23. a4 Ra6 24. Rd1 g6 25. Be2 Ra8 26. Bb5 Re7 27. Bh6 Bd7 28.
Bxd7 b6 29. Rd6 Kh8 30. Bg5 1-0

[Event "Xtracon Chess Open 2016"]
[Site "Helsingor DEN"]
[Date "2016.07.23"]
[Round "1.150"]
[White "Shehzad, Alisha"]
[Black "Jacobsen, Fredrik Beer"]
[Result "0-1"]
[WhiteElo "1514"]
[BlackElo "2028"]
[WhiteFideId "1521926"]
[BlackFideId "1507044"]
[EventDate "2016.07.23"]

1. e4 c5 2. Nf3 Nc6 3. d4 cxd4 4. Nxd4 Nf6 5. Nc3 d6 6. Be3 Ng4 7. Bc1 Qb6 8.
Bb5 Bd7 9. Bxc6 bxc6 10. O-O g6 11. Nb3 Bg7 12. h3 Ne5 13. Be3 Qc7 14. Qe2 Be6
15. Nd2 f5 16. f4 Nf7 17. Rad1 O-O 18. a3 Rab8 19. exf5 Bxf5 20. Nb3 e5 21. fxe5
Nxe5 22. Bf4 Rfe8 23. Qd2 Nc4 24. Qc1 Qb6+ 25. Kh1 Bxc2 26. Qxc2 Qxb3 27. Qxb3
Rxb3 28. Na4 d5 29. Rc1 Re2 30. Rb1 Bd4 31. Bh6 Bg7 32. Bc1 Nxa3 33. Ra1 Nc2 34.
Rb1 Rg3 35. Rg1 Be5 36. Rd1 Rgxg2 37. Nc3 Rh2+ 38. Kg1 Bd4+ 39. Kf1 Ref2+ 40.
Kg1 Rfg2+ 41. Kf1 Rg1# 0-1

[Event "Xtracon Chess Open 2016"]
[Site "Helsingor DEN"]
[Date "2016.07.23"]
[Round "1.151"]
[White "Pallesen, Jacob"]
[Black "Skjolingstad, Sverre"]
[Result "1-0"]
[WhiteElo "2026"]
[BlackElo "1509"]
[WhiteFideId "1404881"]
[BlackFideId "1519913"]
[EventDate "2016.07.23"]

1. d4 Nf6 2. Nf3 c5 3. d5 g6 4. Nc3 Bg7 5. e4 O-O 6. Be2 e6 7. Bg5 Qb6 8. O-O
exd5 9. e5 Ne4 10. Nxd5 Qxb2 11. Be7 Re8 12. Qd3 f5 13. exf6 Nxf6 14. Rab1 Qxa2
15. Bxf6 Bxf6 16. Nxf6+ Kf7 17. Nxe8 1-0

[Event "Xtracon Chess Open 2016"]
[Site "Helsingor DEN"]
[Date "2016.07.23"]
[Round "1.152"]
[White "Vinter, Christoffer"]
[Black "Arndt, Uwe"]
[Result "0-1"]
[WhiteElo "1509"]
[BlackElo "2023"]
[WhiteFideId "1449737"]
[BlackFideId "24647713"]
[EventDate "2016.07.23"]

1. e4 c6 2. d4 d5 3. e5 c5 4. c3 cxd4 5. cxd4 Nc6 6. Nf3 Bg4 7. Be2 Bxf3 8. Bxf3
e6 9. O-O Qb6 10. Bg4 Qxd4 11. Qxd4 Nxd4 12. Nc3 a6 13. f4 Bc5 14. Kh1 Ne7 15.
Bd2 O-O 16. Na4 Ba7 17. Bb4 Rfe8 18. Rac1 Nef5 19. Rc7 Ne3 20. Rfc1 Nxg4 21. h3
Nf2+ 0-1

[Event "Xtracon Chess Open 2016"]
[Site "Helsingor DEN"]
[Date "2016.07.23"]
[Round "1.153"]
[White "Slettebo, Jan"]
[Black "Wadtland, Flemming"]
[Result "1-0"]
[WhiteElo "2022"]
[BlackElo "1504"]
[WhiteFideId "1704958"]
[BlackFideId "1418297"]
[EventDate "2016.07.23"]

1. e4 e5 2. Nf3 Nc6 3. Bc4 Bc5 4. c3 Nf6 5. d4 d5 6. exd5 exd4 7. dxc6 Qe7+ 8.
Qe2 Qxe2+ 9. Bxe2 dxc3 10. Nxc3 bxc6 11. O-O O-O 12. Bc4 Re8 13. Bf4 Bd6 14. Bg5
Nh5 15. Rfe1 Bg4 16. Nd4 Bd7 17. Re2 Rxe2 18. Bxe2 h6 19. Bxh5 hxg5 20. Bf3 Rb8
21. b3 Be5 22. Rd1 c5 23. Nde2 Bd6 24. Bd5 Re8 25. Kf1 Kf8 26. Bc4 Bc6 27. Bb5
Bxb5 28. Nxb5 a6 29. Nxd6 Rd8 30. Nc3 cxd6 31. Ne4 1-0

[Event "Xtracon Chess Open 2016"]
[Site "Helsingor DEN"]
[Date "2016.07.23"]
[Round "1.154"]
[White "Ronnestad, Liam Jansson"]
[Black "Olesen, Poul Erik Norgaard"]
[Result "0-1"]
[WhiteElo "1502"]
[BlackElo "2020"]
[WhiteFideId "1523384"]
[BlackFideId "1404253"]
[EventDate "2016.07.23"]

1. e4 g6 2. d4 Bg7 3. Nf3 d6 4. Nc3 Nf6 5. Bc4 Nxe4 6. Bxf7+ Kxf7 7. Nxe4 Rf8 8.
h4 Kg8 9. h5 Bf5 10. Ng3 Nd7 11. Nxf5 gxf5 12. h6 Bh8 13. c3 Nb6 14. Nh4 e6 15.
g4 Bf6 16. gxf5 Bxh4 17. Qg4+ Bg5 18. Bxg5 exf5 19. Qg2 Qe8+ 20. Be3+ Qg6 21.
Qxg6+ hxg6 22. h7+ Kf7 23. O-O-O Nd5 24. Bg5 Rae8 25. c4 Nf6 26. Bxf6 Kxf6 27.
Rh2 Rh8 28. Rdh1 Re4 29. Rh4 Rxh4 30. Rxh4 Kg7 31. Kd2 Rxh7 32. Rxh7+ Kxh7 33.
Ke3 Kg7 34. f4 Kf6 35. b3 g5 36. b4 g4 37. a3 Ke6 38. d5+ Kd7 39. Kd4 c6 40. a4
Kc7 41. a5 cxd5 42. cxd5 b6 0-1

[Event "Xtracon Chess Open 2016"]
[Site "Helsingor DEN"]
[Date "2016.07.23"]
[Round "1.155"]
[White "Janse, Alexander"]
[Black "Cithu, Arun Vijay"]
[Result "1-0"]
[WhiteElo "2017"]
[BlackElo "1501"]
[WhiteFideId "36052175"]
[BlackFideId "1528750"]
[EventDate "2016.07.23"]

1. Nf3 d5 2. g3 e6 3. Bg2 Nf6 4. O-O c5 5. d3 Nc6 6. Nbd2 e5 7. e4 d4 8. h3 Bd6
9. Ne1 Qc7 10. Nc4 Be7 11. f4 b5 12. Nd2 Bd6 13. Ndf3 exf4 14. e5 Bxe5 15. Nxe5
Bb7 16. Nxc6 Bxc6 17. Bxf4 Qb7 18. Qe2+ Kd7 19. Qe5 Bxg2 20. Qd6+ Ke8 21. Nxg2
Ng8 22. Rae1+ Ne7 23. Rxe7+ Qxe7 24. Re1 Qxe1+ 25. Nxe1 Rc8 26. Nf3 f6 27. Qe6+
Kd8 28. Nh4 g6 29. Qxf6+ Kd7 30. Qd6+ Ke8 31. Bg5 Kf7 32. Qd7+ 1-0

[Event "Xtracon Chess Open 2016"]
[Site "Helsingor DEN"]
[Date "2016.07.23"]
[Round "1.157"]
[White "Jessen, Alexander"]
[Black "Sidali, Elias Hulleberg"]
[Result "1-0"]
[WhiteElo "2014"]
[BlackElo "1491"]
[WhiteFideId "1437917"]
[BlackFideId "1530518"]
[EventDate "2016.07.23"]

1. d4 Nf6 2. c4 e6 3. Nc3 d5 4. cxd5 exd5 5. Bg5 Nbd7 6. e3 c6 7. Bd3 h6 8. Bh4
Bd6 9. Qc2 O-O 10. Nge2 Re8 11. Ng3 Qc7 12. Nf5 Bf8 13. Bg3 Qd8 14. O-O Nb6 15.
b3 g6 16. Nh4 Bb4 17. a3 Bxc3 18. Qxc3 Ne4 19. Qc2 g5 20. Nf3 Nd7 21. Bxe4 dxe4
22. Ne5 Nxe5 23. Bxe5 f6 24. Bg3 Qd5 25. b4 b6 26. Rfc1 Bd7 27. Rab1 b5 28. Qc5
Qxc5 29. Rxc5 a5 30. h4 axb4 31. axb4 Rac8 32. d5 cxd5 33. Rxd5 Be6 34. Rxb5 Bc4
35. Rb6 Re6 36. Rxe6 Bxe6 37. hxg5 hxg5 38. b5 Bd5 39. Rd1 Rc5 40. b6 Rb5 41.
Rxd5 Rxb6 42. Rd7 Rb3 43. Rd4 Kf7 44. Rxe4 Rb1+ 45. Kh2 Rb2 46. f3 Kg6 47. Ra4
Re2 48. e4 Kh5 49. Ra6 g4 50. Rxf6 gxf3 51. Rxf3 Rxe4 52. Kh3 Kg6 53. Bf4 Re8
54. g4 Rh8+ 55. Kg3 Ra8 56. Rd3 Kf7 57. Rd7+ Ke6 58. Rd6+ Kf7 59. Be5 Ra5 60.
Kf4 Ra4+ 61. Kf5 Ra7 62. Rh6 Ra2 63. Rh7+ Ke8 64. Ke6 1-0